000 00549nam a2200169Ia 4500
008 090711s9999 xx 000 0 und d
082 _b287
100 _aपाटील विलास
245 _aभंगलेले अभंग
260 _bकॉन्टीनेन्टल प्रकाशन
_c1997
300 _a104
600 _aपाटील विलास
630 _aभंगलेले अभंग
700 _aपाटील विलास
730 _aभंगलेले अभंग
942 _cBOOK
999 _c323734
_d323734